| 000 | 00450nam a2200169 a 4500 | ||
|---|---|---|---|
| 005 | 20140414132140.0 | ||
| 008 | 140203s19uu xx 00 eng d | ||
| 020 | _a9781407537818 | ||
| 050 |
_aREF 591.6 _bGa15 2008 |
||
| 100 | _aGaneri, Anita | ||
| 245 |
_aQuestions and answers: _bwild wild animals. |
||
| 260 |
_aUK : _bParragon Books, _cc2008. |
||
| 300 | _a256 | ||
| 650 |
_aWild- _xanimals |
||
| 650 | _aAnimals-miscellanea | ||
| 999 |
_c115345 _d115345 |
||